LEADER 01347nas a2200289 i 4500 001 000000181089 003 CaOOAMICUS 005 20090907000000.0 008 090818b2008 au uu u0 0ger r 013 $a158896 020 $a978-3-901479-39-7 040 $aSeMil$bita 245 10$aZweites Seggauer Gespräch zu Staat und Kirche :$bCaritas und Recht /$cherausgegeben von Herbert Kalb, Richard Potz, Brigitte Schinkele. 260 $aFreistadt :$bPlöchl,$ccopyr. 2008. 300 $aP. [353]-528 ;$c24 cm. 500 $aTitolo principale dalla copertina. 700 1 $aKalb, Herbert.$0(OLS)http://semarc/name/57946 700 1 $aSchinkele, Brigitte.$0(OLS)http://semarc/name/57948 700 1 $aPotz, Richard.$0(OLS)http://semarc/name/57947 773 0 $tÖsterreichisches Archiv für Recht & Religion.$dFreistadt : Plöchl, 1999.$x1560-8670$w()3282 774 0 $t[vedi periodico].$w()271596 850 $aSeMil 852 $aSeMil$W1$xVenegono$y1$m203 6 31$j131837$B131837$CSeMilBibl$Z2$F144068 $85 961 $aAbbonamento: ÖARR - Österreichisches Archiv ... 996 $6020$a978-3-901479-39-7$9(OLS)http://semarc/number/170531 996 $6245$aZweites Seggauer Gespräch zu Staat und Kirche :$bCaritas und Recht$9(OLS)http://semarc/title/260029 996 $6260$aFreistadt :$bPlöchl$9(OLS)http://semarc/publisher/31140 LEADER 01498nam a2200241 i 4500 001 000000064102 003 CaOOAMICUS 005 20241128135754.0 008 141128s1605 it u000 u lat u 013 $a35274 026 $ae.a- i.r. t,c. 12m* (3) 1605 (R). [*= ae] 040 $aSeMil$bita 245 10$aTomus 1. 300 $a[1], 169, [1] c. 500 $aSegn.: A-V8 X10 500 $aMarca editoriale: Aquila che becca una roccia. Ai quattro angoli della cornice figurata le imprese di Scoto (grazie), Varisco (sirena), Sessa (gatta) e Zenaro (salamandra). (Z140), sul front. 500 $aFront. stampato in rosso e nero 500 $aTesto su due colonne 773 0 $aTedeschi, Niccolò $tAbbatis Panormitani Commentaria primae partis in primum Decretalium librum. Quamplurium iurisconsultorum ... adnotationibus illustrata ... Profecto his nostris typis accessit Practica eiusdem Panormitani, ut Pontificii & Caesarei juris studiosi theoricam haberent conjunctam cum praxi in omnibus ferè curiis obervari consueta. Tomus 1. [-8.].$dVenetiis : Sub signo Aquilae renouantis, 1605 (Venetiis : Sub signo Aquilae renouantis)$bHac postrema vero editione recognita ... Quibus praeter eiusdem Panormitani quaestionem quandam in Parmensi Gymnasio disputatam ...$g1$w()31038 850 $aSeMil 852 $aSeMil$W1$xVenegono$y1$m2D VIII 19 FA$j30255$B30255$CSeMilBibl$Z2$F30258 $8I 996 $6245$aTomus 1$9(OLS)http://semarc/title/47282